000 00629nam a2200241Ia 4500
005 20250425160654.0
008 250425s9999 xx 000 0 und d
020 _a8480882719
041 _aspa
043 _asp
082 _a658.4
100 _aHOPE, JEREMY
245 0 _aCOMPETIR EN LA TERCERA OLA: LOS DIEZ TEMAS CLAVES DE LA DIRECCION EN LA ERA DE LA INFORMACION
250 _a1A ED.
260 _aBARCELONA
260 _aEspaƱa
_bGESTION 2000
_c1998
300 _a269
650 _aADMINISTRACION DE EMPRESAS
650 _aGERENTES
650 _aPLANIFICACION ESTRATEGICA
942 _c01
010 _a1961
999 _c193829
_d193829